Sigmund Freud / (Record no. 184186)
[ view plain ]
| 000 -LEADER | |
|---|---|
| campo de control de longitud fija | 01075nam a2200301 i 4500 |
| 001 - NÚMERO DE CONTROL | |
| campo de control | 184186 |
| 003 - IDENTIFICADOR DE NÚMERO DE CONTROL | |
| campo de control | ES-MaACL |
| 005 - FECHA Y HORA DE LA ÚLTIMA TRANSACCIÓN | |
| campo de control | 20240123190908.0 |
| 008 - DATOS DE LONGITUD FIJA--INFORMACIÓN GENERAL | |
| campo de control de longitud fija | 150415s1962 sp f |||| |dspa d |
| 080 ## - NÚMERO DE LA CLASIFICACIÓN DECIMAL UNIVERSAL | |
| Número de la Clasificación Decimal Universal | 929 Freud, Sigmund |
| 080 ## - NÚMERO DE LA CLASIFICACIÓN DECIMAL UNIVERSAL | |
| Número de la Clasificación Decimal Universal | 159.964.2 |
| 100 1# - ENTRADA PRINCIPAL--NOMBRE DE PERSONA | |
| Nombre de persona | Lauzun, Gérard. |
| 9 (RLIN) | 156732 |
| 245 10 - MENCIÓN DEL TÍTULO | |
| Título | Sigmund Freud / |
| Mención de responsabilidad, etc. | por Gérard Lauzun ; traducción, Adolfo Castaño. |
| 246 34 - FORMA VARIANTE DEL TITULO | |
| Título propio/Titulo breve | Sigmund Freud y el psicoanálisis |
| 260 ## - PUBLICACIÓN, DISTRIBUCIÓN, ETC. | |
| Lugar de publicación, distribución, etc. | Madrid : |
| Nombre del editor, distribuidor, etc. | Cid, |
| Fecha de publicación, distribución, etc. | [1962] |
| 300 ## - DESCRIPCIÓN FÍSICA | |
| Extensión | 278 p., [6] p. de lám. ; |
| Dimensiones | 16 cm. |
| 490 1# - MENCIÓN DE SERIE | |
| Mención de serie | Sabios del Mundo Entero ; |
| Designación de volumen o secuencia | 6 |
| 504 ## - NOTA DE BIBLIOGRAFÍA, ETC. | |
| Nota de bibliografía, etc. | Bibliografía: p. 273-275. |
| 505 8# - NOTA DE CONTENIDO CON FORMATO | |
| Nota de contenido con formato | Contiene: Apéndice ; |
| Título | El movimiento psicoanalítico en España / |
| Mención de responsabilidad | F. Prieto Huesca,( |
| Información miscelánea | p. 262-272) |
| 600 14 - PUNTO DE ACCESO ADICIONAL DE MATERIA--NOMBRE DE PERSONA | |
| Nombre de persona | Freud, Sigmund, |
| Fechas asociadas al nombre | 1856-1939 |
| 9 (RLIN) | 52547 |
| 650 04 - PUNTO DE ACCESO ADICIONAL DE MATERIA--TÉRMINO DE MATERIA | |
| Término de materia o nombre geográfico como elemento de entrada | Psicoanálisis. |
| 9 (RLIN) | 16530 |
| 700 1# - ENTRADA AGREGADA--NOMBRE PERSONAL | |
| Nombre de persona | Castaño, Adolfo. |
| 9 (RLIN) | 36422 |
| 700 1# - ENTRADA AGREGADA--NOMBRE PERSONAL | |
| Nombre de persona | Prieto Huesca, Flora. |
| 9 (RLIN) | 93930 |
| 740 3# - ENTRADA AGREGADA--TÍTULO RELACIONADO/ANALÍTICO NO CONTROLADO | |
| Título relacionado o analítico no controlado | El movimiento psicoanalítico en España. |
| 830 0# - PUNTO DE ACCESO ADICIONAL DE SERIE-TÍTULO UNIFORME | |
| Título uniforme | Sabios del Mundo Entero ; |
| Designación de volumen o secuencia | 6 |
| 9 (RLIN) | 192074 |
| 852 ## - LOCALIZACIÓN | |
| Ubicación | ES-MaACL |
| Número de control de estantería | E-15553 |
| Estatus retirado | Estado de pérdida | Estado de daño | No para préstamo | Biblioteca de origen | Biblioteca actual | Ubicación en estantería | Fecha de adquisición | Fuente de adquisición | Total de préstamos | Signatura topográfica completa | Código de barras | Visto por última vez | Precio de reemplazo | Tipo de ítem Koha |
|---|---|---|---|---|---|---|---|---|---|---|---|---|---|---|
| Biblioteca del Ateneo de Madrid | Biblioteca del Ateneo de Madrid | Depósito 2 | 15/04/2015 | E-15553 | 1193738 | 23/02/2023 | 23/02/2023 | Libro impreso |
